00494nam a22001337a 4500020001800000040000900018082002100027100002500048245007700073250000900150260004700159650007700206651007700283 a9780131471221 cNUST a519.20246213 GAR aLeon-Garcia, Alberto aProbability, Statistics, and Random Processes for Electrical Engineering a3rd  aNew Jersey:bPearson Prentice Hall,c2008. aProbability, Statistics, and Random Processes for Electrical Engineering 2Probability, Statistics, and Random Processes for Electrical Engineering